<?xml version="1.0" encoding="UTF-8"?><marc:collection xmlns:marc="http://www.loc.gov/MARC21/slim">
  <marc:record>
    <marc:leader>00000nam##2200000za#4500</marc:leader>
    <marc:controlfield tag="001">9.647212</marc:controlfield>
    <marc:controlfield tag="003">CaOODSP</marc:controlfield>
    <marc:controlfield tag="005">20200330130606</marc:controlfield>
    <marc:controlfield tag="007">ta</marc:controlfield>
    <marc:controlfield tag="008">150407|1997||||xxc|||||     f|0| 0 eng|d</marc:controlfield>
    <marc:datafield tag="020" ind1=" " ind2=" ">
      <marc:subfield code="a">0-662-27457-1</marc:subfield>
    </marc:datafield>
    <marc:datafield tag="040" ind1=" " ind2=" ">
      <marc:subfield code="a">CaOODSP</marc:subfield>
      <marc:subfield code="b">eng</marc:subfield>
    </marc:datafield>
    <marc:datafield tag="043" ind1=" " ind2=" ">
      <marc:subfield code="a">n-cn---</marc:subfield>
    </marc:datafield>
    <marc:datafield tag="086" ind1="1" ind2=" ">
      <marc:subfield code="a">D82-45/1997E</marc:subfield>
    </marc:datafield>
    <marc:datafield tag="110" ind1="1" ind2=" ">
      <marc:subfield code="a">Canada.</marc:subfield>
      <marc:subfield code="b">Emergency Preparedness Canada.</marc:subfield>
    </marc:datafield>
    <marc:datafield tag="245" ind1="1" ind2="0">
      <marc:subfield code="a">Guidelines on cultural diversity and disaster management : </marc:subfield>
      <marc:subfield code="b">final report, December 1997 / </marc:subfield>
      <marc:subfield code="c">by Gabriela Y. Solis, Henry C. Hightower and June Kawaguchi. Prepared by the Disaster Preparedness Resources Centre, University of British Columbia. </marc:subfield>
    </marc:datafield>
    <marc:datafield tag="260" ind1=" " ind2=" ">
      <marc:subfield code="b">Emergency Preparedness Canada </marc:subfield>
      <marc:subfield code="c">1997.</marc:subfield>
    </marc:datafield>
    <marc:datafield tag="300" ind1=" " ind2=" ">
      <marc:subfield code="a">33p. in various pagings.</marc:subfield>
      <marc:subfield code="b">references</marc:subfield>
    </marc:datafield>
    <marc:datafield tag="500" ind1=" " ind2=" ">
      <marc:subfield code="a">"This discussion paper offers suggestions to: educate emergency planners and responders about multi-cultural issues in disaster management; encourage planners to address the issues in their disaster preparedness programs; and provide practical suggestions for overcoming cultural and communication barriers before and during an emergency. While this paper can have broad applications for persons or groups involved in disaster preparedness and response, it contains draft guidelines, which may not necessarily be agreed upon by all agencies concerned with the topic."--Introduction. Produced within the Canadian Framework for the International Decade for Natural Disaster Reduction.</marc:subfield>
    </marc:datafield>
    <marc:datafield tag="520" ind1="3" ind2=" ">
      <marc:subfield code="a">This discussion paper offers suggestions to: educate emergency planners and responders about multi-cultural issues in disaster management; encourage planners to address the issues in their disaster preparedness programs; and provide practical suggestions for overcoming cultural and communication barriers before and during an emergency. While this paper can have broad applications for persons or groups involved in disaster preparedness and response, it contains draft guidelines, which may not necessarily be agreed upon by all agencies concerned with the topic.--Introduction</marc:subfield>
    </marc:datafield>
    <marc:datafield tag="563" ind1=" " ind2=" ">
      <marc:subfield code="a">Processed</marc:subfield>
    </marc:datafield>
    <marc:datafield tag="590" ind1=" " ind2=" ">
      <marc:subfield code="a">99-05</marc:subfield>
      <marc:subfield code="b">1999-02-05</marc:subfield>
    </marc:datafield>
    <marc:datafield tag="720" ind1="1" ind2=" ">
      <marc:subfield code="a">Solis, Gabriela Y.</marc:subfield>
    </marc:datafield>
    <marc:datafield tag="720" ind1="1" ind2=" ">
      <marc:subfield code="a">Hightower, Henry C.</marc:subfield>
    </marc:datafield>
    <marc:datafield tag="720" ind1="1" ind2=" ">
      <marc:subfield code="a">Kawaguchi, June</marc:subfield>
    </marc:datafield>
    <marc:datafield tag="775" ind1="0" ind2="8">
      <marc:subfield code="t">Lignes directrices sur la diversité culturelle et la gestion des catastrophes : </marc:subfield>
      <marc:subfield code="w">(CaOODSP)9.680618</marc:subfield>
    </marc:datafield>
    <marc:datafield tag="776" ind1="0" ind2="#">
      <marc:subfield code="t">Guidelines on cultural diversity and disaster management / </marc:subfield>
      <marc:subfield code="w">(CaOODSP)9.695656</marc:subfield>
    </marc:datafield>
  </marc:record>
</marc:collection>
